000
00326nam a22001457a 4500
008
210429b ||||| |||| 00| 0 eng d
020
_a
9780143037750
041
_a
eng
080
_a
94
082
_a
94
100
_a
16
101
_a
SHH
245
_a
Post War a History of Europe Since 1945
_c
Tony Judt
942
_2
udc
_c
BK
999
_c
56987
_d
56987